Hevea brasiliensis: Status of genetic resource management adn utilisation in India (Record no. 60308)

MARC details
000 -LEADER
fixed length control field 00575nam a2200133Ia 4500
100 ## - MAIN ENTRY--AUTHOR NAME
Personal name Meenakumari T
245 #0 - TITLE STATEMENT
Title Hevea brasiliensis: Status of genetic resource management adn utilisation in India
260 ## - PUBLICATION, DISTRIBUTION, ETC. (IMPRINT)
Name of publisher Proceedings of National Seminar on Bioresource Conservation and Utilization, 13-14 May 2017, University of Agricultural Sciences, Dharwad, Karnataka and College of Forestry, Siri, Karnataka, India.
650 ## - SUBJECT ADDED ENTRY--TOPICAL TERM
Topical Term Genetic resource management
700 ## - ADDED ENTRY--PERSONAL NAME
Personal name Mercy M.A
856 ## - ELECTRONIC LOCATION AND ACCESS
Uniform Resource Identifier Bibli details only
942 ## - ADDED ENTRY ELEMENTS (KOHA)
Koha item type Journals
Holdings
Withdrawn status Lost status Damaged status Not for loan Home library Current library Shelving location Date acquired Koha item type
      Journals RRII Library RRII Library Botany 01/01/2021 Journals